OECD byla první
OECD ako medzinárodná vládna organizácia. Členstvo v OECD. Prínos členstva v OECD pre Českú republiku.
Salvato in:
| Autore principale: | |
|---|---|
| Natura: | Capitolo di libro |
| Lingua: | ceco |
| Soggetti: | |
| Tags: |
Nessun Tag, puoi essere il primo ad aggiungerne!!
|
MARC
| LEADER | 00000naa a2200000 4500 | ||
|---|---|---|---|
| 001 | r033802 | ||
| 005 | 20230920095207.5 | ||
| 041 | 0 | |a cze | |
| 044 | |a CZ | ||
| 245 | 1 | 0 | |a OECD byla první |c Dušan Provazník |
| 520 | |a OECD ako medzinárodná vládna organizácia. Členstvo v OECD. Prínos členstva v OECD pre Českú republiku. | ||
| 610 | 2 | 0 | |a spolupráca hospodárska medzinárodná |
| 610 | 2 | 0 | |a zoskupenia integračné medzinárodné |
| 610 | 2 | 0 | |a organizácie medzinárodné |
| 610 | 2 | 0 | |a Česko |
| 610 | 2 | 0 | |a OECD |
| 100 | 1 | |a Provazník, Dušan | |